Spotrebiteľské úvery bakalárska práca

Uložené v:
Podrobná bibliografia
Hlavný autor: Štofiková, Stanislava
Korporativný autor: Podnikovohospodárska fakulta EU so sídlom v Košiciach. Katedra ekonómie
Ďalší autori: Bačová, Monika
Médium: Kniha
Jazyk:Slovak
Vydavateľské údaje: Košice 2016
Tagy: Pridať tag
Žiadne tagy, Buďte prvý, kto otaguje tento záznam!

MARC

LEADER 00000nbm a2200000 4500
001 0217705
005 20240827093019.0
041 0 |a slo 
044 |a SK 
245 1 0 |a Spotrebiteľské úvery  |b bakalárska práca  |c Stanislava Štofiková ; školiteľ: Monika Bačová 
264 1 |a Košice  |c 2016 
300 |a 52 s. 
100 1 |a Štofiková, Stanislava 
700 1 |a Bačová, Monika 
710 2 |a Podnikovohospodárska fakulta EU so sídlom v Košiciach. Katedra ekonómie